000 01357nac a22003011u 4500
010 _a 95050228
020 _a0803973527 (cloth : acid-free paper)
020 _a0803973535 (pbk. : acid-free paper)
082 0 0 _a388.041
_bGAR
090 _c5640
_d5640
100 _aGarrett, Mark.
245 1 0 _aTransportation planning on trial :
_bthe Clean Air Act and travel forecasting /
_cMark Garrett, Martin Wachs.
260 _aThousand Oaks, Calif. :
_bSage Publications,c1996.
_cc1996.
300 _avii, 232 p. :
_bill. ;
_c24 cm.
500 _aDistributer : Al-Ahram.
504 _aIncludes bibliographical references.
511 _aCatalogued By : Mahitab.
650 0 _aTransportation and state
_zUnited States.
650 0 _aTransportation
_zUnited States
_xPlanning.
650 0 _aTransportation, Automotive
_xLaw and legislation
_zUnited States.
650 0 _aAir
_xPollution
_xLaw and legislation
_zUnited States.
650 0 _aTransportation, Automotive
_xEnvironmental aspects
_zUnited States
650 0 _aTraffic estimation
_zUnited States.
700 1 _aWachs, Martin.
856 4 2 _3Publisher description
_uhttp://www.loc.gov/catdir/enhancements/fy0655/95050228-d.html
856 4 2 _3Table of contents only
_uhttp://www.loc.gov/catdir/enhancements/fy0655/95050228-t.html
942 _cBB
_k388.041GAR
999 _c5640
_d5640